It looks like you're offline.
Open Library logo
additional options menu

MARC record from Internet Archive

LEADER: 01132cam 2200373 a 4500
001 ocm28112152
003 OCoLC
005 20210623070549.0
008 930420s1991 enkac 001 0 eng
040 $aUKM$beng$cUKM$dYDXCP$dVPL$dOCLCF$dOCLCQ$dOCLCO
015 $aGB9323012$2bnb
015 $aGB9189483$2bnb
019 $a24735512
020 $a0575052074
020 $a9780575052079
035 $a(OCoLC)28112152$z(OCoLC)24735512
082 04 $a798.4$220
100 1 $aScott, Brough.
245 10 $aFrontrunners /$cmore of the best of Brough Scott.
260 $aLondon :$bGollancz,$c1991.
300 $a192 pages :$billustrations, portraits ;$c26 cm
336 $atext$btxt$2rdacontent
337 $aunmediated$bn$2rdamedia
338 $avolume$bnc$2rdacarrier
500 $aIncludes index.
650 0 $aHorse racing.
650 7 $aHorse racing.$2fast$0(OCoLC)fst00960488
653 0 $aRacehorses$aRacing
938 $aYBP Library Services$bYANK$n497302
029 1 $aAU@$b000008380568
029 1 $aUKWLT$b94571
029 1 $aUNITY$b047244615
994 $aZ0$bP4A
948 $hNO HOLDINGS IN P4A - 22 OTHER HOLDINGS